The almanac of women and minorities in world politics /

The Almanac of Women and Minorities in World Politics is a reference book that provides political and biographical details on the achievements of women and minorities in the executive, legislative, and judicial branches of every nation (and most dependent territories) in the world. The "Executi...

Full description

Saved in:
Bibliographic Details
Main Author: Martin, Mart, 1944-
Format: Book
Language:English
Published: Boulder, Colo. : Westview Press, 2000.
Subjects:
Tags: Add Tag
No Tags, Be the first to tag this record!
LEADER 03819cam a22003254a 4500
001 008486175-4
005 20020606104010.5
008 991030s2000 cou b 001 0 eng
010 |a  99057270  
020 |a 0813368057 (alk.) 
035 0 |a ocm42780270 
040 |a DLC  |c DLC  |d DLC 
042 |a pcc 
050 0 0 |a HQ1236  |b .M347 2000 
082 0 0 |a 320/.082  |2 21 
100 1 |a Martin, Mart,  |d 1944- 
245 1 4 |a The almanac of women and minorities in world politics /  |c Mart Martin. 
260 |a Boulder, Colo. :  |b Westview Press,  |c 2000. 
300 |a xxxiii, 466 p. ;  |c 24 cm. 
504 |a Includes bibliographical references and index. 
505 0 0 |t Afghanistan --  |t Albania --  |t Algeria --  |t Andorra --  |t Angola --  |t Antigua and Barbuda --  |t Argentina --  |t Armenia --  |t Australia --  |t Austria --  |t Azerbaijan --  |t The Bahamas --  |t Bahrain --  |t Bangladesh --  |t Barbados --  |t Belarus --  |t Belgium --  |t Belize --  |t Benin --  |t Bhutan --  |t Bolivia --  |t Bosnia and Herzegovina --  |t Botswana --  |t Brazil --  |t Brunei --  |t Bulgaria --  |t Burkina Faso --  |t Burundi --  |t Cambodia --  |t Cameroon --  |t Canada --  |t Cape Verde --  |t Central African Republic --  |t Chad --  |t Chile --  |t China --  |t Colombia --  |t Comoros --  |t Democratic Republic of the Congo (Kinshasa) --  |t Congo Republic (Brazzaville) --  |t Costa Rica --  |t Cote d'Ivoire --  |t Croatia --  |t Cuba --  |t Cyprus --  |t Czech Republic --  |t Denmark --  |t Djibouti --  |t Dominica --  |t Dominican Republic --  |t Ecuador --  |t Egypt --  |t El Salvador --  |t Equatorial Guinea --  |t Eritrea --  |t Estonia --  |t Ethiopia --  |t Fiji --  |t Finland --  |t France --  |t Gabon --  |t Gambia --  |t Georgia --  |t Germany --  |t Ghana --  |t Greece --  |t Grenada --  |t Guatemala --  |t Guinea --  |t Guinea-Bissau --  |t Guyana --  |t Haiti --  |t Honduras --  |t Hungary --  |t Iceland --  |t India --  |t Indonesia --  |t Iran --  |t Iraq --  |t Ireland --  |t Israel --  |t Italy --  |t Jamaica --  |t Japan --  |t Jordan --  |t Kazakhstan --  |t Kenya --  |t Kiribati --  |t Democratic People's Republic of Korea --  |t Republic of Korea --  |t Kuwait --  |t Kyrgyzstan --  |t Laos --  |t Latvia --  |t Lebanon --  |t Lesotho --  |t Liberia --  |t Libya --  |t Liechtenstein --  |t Lithuania --  |t Luxembourg --  |t Macedonia --  |t Madagascar --  |t Malawi --  |t Malaysia --  |t Maldives --  |t Mali --  |t Malta --  |t Marshall Islands --  |t Mauritania --  |t Mauritius --  |t Mexico --  |t Federated States of Micronesia --  |t Moldova. 
520 |a The Almanac of Women and Minorities in World Politics is a reference book that provides political and biographical details on the achievements of women and minorities in the executive, legislative, and judicial branches of every nation (and most dependent territories) in the world. The "Executive" section on a particular country might include information on that country's first woman president, or its first minority prime minister, for example. It also includes information on the first female cabinet member, and first female ambassador. Likewise, the "Legislative" section provides details on the first women and minority members of the national parliament. And, the "Judicial" section might give data on the country's first women and minority judges. The book also features a number of shorter, politically-oriented biographical sketches that chronicle all the women--and certain minority individuals--who have influenced the political environment of their nation, either locally or internationally, both adversely and constructively, since 1900. 
650 0 |a Women  |x Political activity  |v Handbooks, manuals, etc. 
650 0 |a Women politicians  |v Handbooks, manuals, etc. 
650 0 |a Minorities  |x Political activity  |v Handbooks, manuals, etc. 
650 0 |a Gays  |x Political activity  |v Handbooks, manuals, etc. 
655 7 |a Handbooks, manuals, etc.  |2 fast 
776 0 8 |i Online version:  |a Martin, Mart, 1944-  |t Almanac of women and minorities in world politics.  |d Boulder, Colo. : Westview Press, 2000  |w (OCoLC)649571818 
988 |a 20020608 
906 |0 DLC